Federal Tax Policy

Na minha lista:
Detalhes bibliográficos
Autor principal: Pechman, Joseph A.
Formato: Livro
Idioma:inglês
Publicado em: Washington The Brookings Institution 1987
Edição:5. ed.
Colecção:Studies of Government Finance
Assuntos:
Tags: Adicionar Tag
Sem tags, seja o primeiro a adicionar uma tag!

MARC

LEADER 00000nam a2200000 4500
001 c011815
005 20221221074556.6
020 |a 0-8157-6962-8 
041 0 |a eng 
044 |a US 
245 1 0 |a Federal Tax Policy  |c Joseph A. Pechman 
250 |a 5. ed. 
264 1 |a Washington  |b The Brookings Institution  |c 1987 
300 |a 430 s. 
490 1 |a Studies of Government Finance 
830 0 |a Studies of Government Finance 
610 2 0 |a politika daňová 
610 2 0 |a politika fiškálna 
610 2 0 |a sústava daňová 
610 2 0 |a ekonómia 
610 2 0 |a USA 
610 2 0 |a federácia 
610 2 0 |a dane 
100 1 |a Pechman, Joseph A.